[Event "Turniej Blitza na II Lidze Juniorów 2018"]
[Site "Szczyrk, Poland"]
[Date "2018.07.26"]
[Round "3.19"]
[White "Ulrych, Wojciech"]
[Black "Skrzypinski, Jan"]
[Result "1-0"]
[TimeControl "3'+2\""]
[WhiteElo "1901"]
[BlackElo "1231"]

1. e4 {[%emt 00:00:01]} e5 {[%emt 00:00:01]} 2. Nf3 {[%clk 00:03:00]} {[%emt
00:00:01]} f5 {[%clk 00:03:01]} {[%emt 00:00:03]} 3. d3 {[%clk 00:03:00]}
{[%emt 00:00:03]} h6 {[%clk 00:02:55]} {[%emt 00:00:08]} 4. Nxe5 {[%clk
00:02:55]} {[%emt 00:00:07]} Qf6 {[%clk 00:02:56]} 5. Qh5+ {[%clk 00:02:48]}
{[%emt 00:00:08]} Ke7 {[%clk 00:02:47]} {[%emt 00:00:12]} 6. Ng6+ {[%clk
00:02:47]} {[%emt 00:00:03]} Ke6 {[%clk 00:02:27]} {[%emt 00:00:22]} 7. Nxh8
{[%clk 00:02:32]} {[%emt 00:00:16]} Ne7 {[%clk 00:02:23]} {[%emt 00:00:06]} 8.
exf5+ {[%clk 00:02:05]} {[%emt 00:00:30]} Qxf5 {[%clk 00:02:13]} {[%emt
00:00:12]} 9. Be2 {[%clk 00:01:54]} {[%emt 00:00:12]} Qxh5 {[%clk 00:01:41]}
{[%emt 00:00:35]} 10. Bxh5 {[%clk 00:01:54]} {[%emt 00:00:02]} Kf6 {[%clk
00:01:41]} {[%emt 00:00:02]} 11. Nc3 {[%clk 00:01:50]} {[%emt 00:00:06]} g6
{[%clk 00:01:38]} {[%emt 00:00:05]} 12. Nxg6 {[%clk 00:01:40]} {[%emt
00:00:11]} Nxg6 {[%clk 00:01:37]} {[%emt 00:00:04]} 13. Nd5+ {[%clk 00:01:41]}
{[%emt 00:00:01]} Ke5 {[%clk 00:01:24]} {[%emt 00:00:12]} 14. Nxc7 {[%clk
00:01:40]} {[%emt 00:00:06]} Bb4+ {[%clk 00:01:11]} {[%emt 00:00:14]} 15. c3
{[%clk 00:01:38]} {[%emt 00:00:04]} Ba5 {[%clk 00:01:12]} {[%emt 00:00:02]} 16.
Nxa8 {[%clk 00:01:36]} {[%emt 00:00:04]} Nf4 {[%clk 00:01:11]} {[%emt
00:00:02]} 17. Bxf4+ {[%clk 00:01:31]} {[%emt 00:00:07]} Kxf4 {[%clk 00:01:12]}
{[%emt 00:00:02]} 18. Bf3 {[%clk 00:01:17]} {[%emt 00:00:16]} Nc6 {[%clk
00:01:08]} {[%emt 00:00:05]} 19. Bxc6 {[%clk 00:01:07]} {[%emt 00:00:12]} bxc6
{[%clk 00:01:09]} {[%emt 00:00:02]} 20. Ke2 {[%clk 00:01:02]} {[%emt 00:00:06]}
Bb7 {[%clk 00:01:09]} {[%emt 00:00:02]} 21. g3+ {[%clk 00:00:58]} {[%emt
00:00:07]} Kg5 {[%clk 00:01:06]} {[%emt 00:00:04]} 22. f4+ {[%clk 00:00:55]}
{[%emt 00:00:05]} Kf5 {[%clk 00:01:06]} {[%emt 00:00:02]} 23. Rhe1 {[%clk
00:00:53]} {[%emt 00:00:04]} Bxa8 {[%clk 00:01:07]} {[%emt 00:00:02]} 24. Kd2
{[%clk 00:00:53]} {[%emt 00:00:02]} Bc7 {[%clk 00:01:05]} {[%emt 00:00:03]} 25.
Re7 {[%clk 00:00:50]} {[%emt 00:00:05]} Bb6 {[%clk 00:01:03]} {[%emt 00:00:05]}
26. Rxd7 {[%clk 00:00:48]} {[%emt 00:00:03]} c5 {[%clk 00:01:01]} {[%emt
00:00:04]} 27. Re1 {[%clk 00:00:46]} {[%emt 00:00:05]} Bc6 {[%clk 00:00:47]}
{[%emt 00:00:07]} 28. Rd6 {[%clk 00:00:46]} {[%emt 00:00:11]} Bf3 {[%clk
00:00:42]} {[%emt 00:00:03]} 29. Re5+ {[%clk 00:00:46]} {[%emt 00:00:06]} Kg4
{[%clk 00:00:43]} {[%emt 00:00:01]} 30. Rxh6 {[%clk 00:00:44]} {[%emt
00:00:04]} Bd8 {[%clk 00:00:36]} {[%emt 00:00:09]} 31. Rg6+ {[%clk 00:00:32]}
{[%emt 00:00:13]} Kh3 {[%clk 00:00:31]} {[%emt 00:00:07]} 32. Ke3 {[%clk
00:00:31]} {[%emt 00:00:04]} Bb7 {[%clk 00:00:24]} {[%emt 00:00:07]} 33. Kf2
{[%clk 00:00:19]} {[%emt 00:00:15]} Bf3 {[%clk 00:00:09]} {[%emt 00:00:17]} 34.
Kxf3 {[%clk 00:00:13]} {[%emt 00:00:08]} Bh4 {[%clk 00:00:05]} {[%emt
00:00:16]} 1-0

[Event "Turniej Blitza na II Lidze Juniorów 2018"]
[Site "Szczyrk, Poland"]
[Date "2018.07.26"]
[Round "3.24"]
[White "Partyka, Pawel"]
[Black "Biesiadecki, Adam"]
[Result "1-0"]
[TimeControl "3'+2\""]
[WhiteElo "1772"]
[BlackElo "1346"]

1. c4 {[%clk 00:03:03]} {[%emt 00:02:31]} e5 {[%clk 00:03:02]} {[%emt
00:00:03]} 2. Nc3 {[%clk 00:03:05]} Nf6 {[%clk 00:03:03]} {[%emt 00:00:01]} 3.
g3 {[%clk 00:03:06]} Bb4 {[%clk 00:03:02]} {[%emt 00:00:04]} 4. Bg2 {[%clk
00:03:06]} {[%emt 00:00:01]} O-O {[%clk 00:03:02]} {[%emt 00:00:02]} 5. e3
{[%clk 00:03:08]} d6 {[%clk 00:03:00]} {[%emt 00:00:05]} 6. Nge2 {[%clk
00:03:08]} {[%emt 00:00:01]} Nc6 {[%clk 00:03:00]} {[%emt 00:00:02]} 7. a3
{[%clk 00:03:09]} {[%emt 00:00:01]} Bxc3 {[%clk 00:02:56]} {[%emt 00:00:06]} 8.
Nxc3 {[%clk 00:03:09]} {[%emt 00:00:01]} Bg4 {[%clk 00:02:56]} {[%emt
00:00:03]} 9. Qc2 {[%clk 00:03:03]} {[%emt 00:00:08]} Qd7 {[%clk 00:02:53]}
{[%emt 00:00:05]} 10. O-O {[%clk 00:03:03]} {[%emt 00:00:03]} Bh3 {[%emt
00:00:01]} 11. d3 {[%clk 00:02:56]} {[%emt 00:00:08]} Bxg2 {[%clk 00:02:52]}
{[%emt 00:00:04]} 12. Kxg2 {[%clk 00:02:57]} {[%emt 00:00:02]} h5 {[%clk
00:02:47]} {[%emt 00:00:07]} 13. h4 {[%clk 00:02:57]} {[%emt 00:00:01]} Rae8
{[%clk 00:02:42]} {[%emt 00:00:07]} 14. e4 {[%clk 00:02:58]} {[%emt 00:00:02]}
Re6 {[%clk 00:02:36]} {[%emt 00:00:07]} 15. Nd5 {[%clk 00:02:51]} {[%emt
00:00:09]} Nxd5 {[%clk 00:02:30]} {[%emt 00:00:08]} 16. cxd5 {[%clk 00:02:45]}
{[%emt 00:00:07]} Nd4 {[%clk 00:02:28]} {[%emt 00:00:05]} 17. Qd1 {[%clk
00:02:27]} {[%emt 00:00:20]} Rf6 {[%clk 00:02:16]} {[%emt 00:00:14]} 18. Qxh5
{[%clk 00:02:15]} {[%emt 00:00:14]} g6 {[%clk 00:02:11]} {[%emt 00:00:07]} 19.
Qg5 {[%clk 00:01:54]} {[%emt 00:00:20]} Rf3 {[%clk 00:02:04]} {[%emt 00:00:11]}
20. Be3 {[%clk 00:01:48]} {[%emt 00:00:08]} Nc2 {[%clk 00:02:03]} {[%emt
00:00:04]} 21. Rac1 {[%clk 00:01:47]} {[%emt 00:00:03]} Nxe3+ {[%clk 00:01:57]}
{[%emt 00:00:08]} 22. fxe3 {[%clk 00:01:42]} {[%emt 00:00:07]} Rxf1 {[%clk
00:01:54]} {[%emt 00:00:06]} 23. Rxf1 {[%clk 00:01:43]} Qd8 {[%clk 00:01:34]}
{[%emt 00:00:22]} 24. Qg4 {[%clk 00:01:38]} {[%emt 00:00:05]} Kg7 {[%clk
00:01:13]} {[%emt 00:00:25]} 25. h5 {[%clk 00:01:38]} {[%emt 00:00:03]} Rh8
{[%clk 00:01:09]} {[%emt 00:00:05]} 26. hxg6 {[%clk 00:01:34]} {[%emt
00:00:06]} fxg6 {[%clk 00:01:10]} 27. Qe6 {[%clk 00:01:30]} {[%emt 00:00:06]}
Rf8 {[%clk 00:00:52]} {[%emt 00:00:20]} 28. Rh1 {[%clk 00:01:16]} {[%emt
00:00:16]} Qg5 {[%clk 00:00:46]} {[%emt 00:00:07]} 29. Qd7+ {[%clk 00:01:12]}
{[%emt 00:00:07]} Rf7 {[%clk 00:00:41]} {[%emt 00:00:08]} 30. Rh7+ {[%clk
00:01:06]} {[%emt 00:00:07]} Kxh7 {[%clk 00:00:40]} {[%emt 00:00:03]} 31. Qxf7+
{[%clk 00:01:07]} Kh6 {[%clk 00:00:34]} {[%emt 00:00:09]} 32. Qf8+ {[%clk
00:00:57]} {[%emt 00:00:10]} Kh5 {[%clk 00:00:33]} {[%emt 00:00:03]} 33. Qh8+
{[%clk 00:00:54]} {[%emt 00:00:05]} Qh6 {[%clk 00:00:28]} {[%emt 00:00:08]} 34.
g4+ {[%clk 00:00:50]} {[%emt 00:00:06]} Kg5 {[%clk 00:00:26]} {[%emt 00:00:05]}
35. Qxh6+ {[%clk 00:00:48]} {[%emt 00:00:03]} Kxh6 {[%clk 00:00:27]} {[%emt
00:00:01]} 36. Kh3 {[%clk 00:00:47]} {[%emt 00:00:04]} g5 {[%clk 00:00:22]}
{[%emt 00:00:07]} 37. Kg3 {[%clk 00:00:46]} {[%emt 00:00:02]} Kg6 {[%clk
00:00:23]} 38. d4 {[%clk 00:00:45]} {[%emt 00:00:03]} Kf6 {[%clk 00:00:24]} 39.
Kf2 {[%clk 00:00:46]} c6 {[%clk 00:00:24]} {[%emt 00:00:02]} 40. Ke2 {[%clk
00:00:46]} {[%emt 00:00:03]} Ke7 {[%clk 00:00:12]} {[%emt 00:00:13]} 41. Kd3
{[%clk 00:00:46]} {[%emt 00:00:01]} cxd5 {[%clk 00:00:08]} {[%emt 00:00:07]} 42.
exd5 {[%clk 00:00:47]} {[%emt 00:00:01]} Kf6 {[%clk 00:00:00]} {[%emt
00:00:09]} 43. dxe5+ {[%clk 00:00:47]} {[%emt 00:00:10]} Kxe5 {[%clk 00:00:00]}
{[%emt 00:00:01]} 44. b4 {[%clk 00:00:47]} {[%emt 00:00:04]} 1-0

[Event "Turniej Blitza na II Lidze Juniorów 2018"]
[Site "Szczyrk, Poland"]
[Date "2018.07.26"]
[Round "3.33"]
[White "Meers, Hubert"]
[Black "Guzik, Michal"]
[Result "1/2-1/2"]
[TimeControl "3'+2\""]
[WhiteElo "1549"]
[BlackElo "1292"]

1. e4 {[%clk 00:03:04]} c5 {[%clk 00:03:02]} {[%emt 00:00:02]} 2. Nf3 {[%clk
00:03:04]} {[%emt 00:00:02]} e6 {[%clk 00:03:02]} {[%emt 00:00:02]} 3. d4
{[%clk 00:03:04]} {[%emt 00:00:02]} cxd4 {[%clk 00:03:03]} {[%emt 00:00:01]} 4.
Nxd4 {[%clk 00:03:05]} {[%emt 00:00:01]} Qb6 {[%clk 00:03:04]} 5. Nb3 {[%clk
00:03:04]} {[%emt 00:00:03]} Nc6 {[%clk 00:03:01]} {[%emt 00:00:04]} 6. Be3
{[%clk 00:03:04]} {[%emt 00:00:03]} Qc7 {[%clk 00:03:02]} {[%emt 00:00:01]} 7.
Nc3 {[%clk 00:03:04]} {[%emt 00:00:02]} Nf6 {[%clk 00:03:03]} {[%emt 00:00:01]}
8. Be2 {[%clk 00:02:59]} {[%emt 00:00:06]} Be7 {[%clk 00:03:04]} {[%emt
00:00:01]} 9. O-O {[%clk 00:02:59]} {[%emt 00:00:02]} O-O {[%clk 00:03:03]}
{[%emt 00:00:03]} 10. f4 {[%clk 00:02:58]} {[%emt 00:00:03]} d6 {[%clk
00:03:03]} {[%emt 00:00:03]} 11. Bf3 {[%clk 00:02:58]} {[%emt 00:00:01]} b6
{[%clk 00:03:04]} {[%emt 00:00:02]} 12. g4 {[%clk 00:02:53]} {[%emt 00:00:07]}
Bb7 {[%clk 00:03:05]} 13. g5 {[%clk 00:02:53]} {[%emt 00:00:02]} Nd7 {[%clk
00:03:04]} {[%emt 00:00:03]} 14. f5 {[%clk 00:02:52]} {[%emt 00:00:03]} exf5
{[%clk 00:03:04]} 15. Nd5 {[%clk 00:02:52]} {[%emt 00:00:03]} Qd8 {[%clk
00:03:03]} {[%emt 00:00:03]} 16. Nxe7+ {[%clk 00:02:50]} {[%emt 00:00:04]} Qxe7
{[%clk 00:03:04]} {[%emt 00:00:01]} 17. Bf4 {[%clk 00:02:46]} {[%emt 00:00:05]}
Nde5 {[%clk 00:03:04]} {[%emt 00:00:03]} 18. exf5 {[%clk 00:02:46]} {[%emt
00:00:02]} Nxf3+ {[%clk 00:02:56]} {[%emt 00:00:11]} 19. Qxf3 {[%clk 00:02:45]}
{[%emt 00:00:02]} Ne5 {[%emt 00:00:02]} 20. Qg3 {[%clk 00:02:44]} {[%emt
00:00:02]} Qc7 {[%clk 00:02:48]} {[%emt 00:00:11]} 21. Rf2 {[%clk 00:02:28]}
{[%emt 00:00:18]} Qc6 {[%clk 00:02:48]} {[%emt 00:00:03]} 22. Rg2 {[%clk
00:02:15]} {[%emt 00:00:14]} Rae8 {[%clk 00:02:39]} {[%emt 00:00:11]} 23. f6
{[%clk 00:02:03]} {[%emt 00:00:14]} Nf3+ {[%clk 00:02:28]} {[%emt 00:00:13]} 24.
Kf2 {[%clk 00:01:52]} {[%emt 00:00:13]} Ne5 {[%clk 00:02:18]} {[%emt 00:00:12]}
25. Kg1 {[%clk 00:01:45]} {[%emt 00:00:09]} Nf3+ {[%clk 00:02:16]} {[%emt
00:00:04]} 26. Kf2 {[%clk 00:01:46]} {[%emt 00:00:01]} Ne5 {[%clk 00:02:17]}
{[%emt 00:00:01]} 27. Kg1 {[%clk 00:01:46]} {[%emt 00:00:01]} Nf3+ {[%emt
00:00:05]} 28. Kf2 {[%clk 00:03:02]} {[%emt 00:00:01]} 1/2-1/2

[Event "Turniej Blitza na II Lidze Juniorów 2018"]
[Site "Szczyrk, Poland"]
[Date "2018.07.26"]
[Round "3.59"]
[White "Sulima, Franciszek"]
[Black "Pieczewski, Szymon"]
[Result "0-1"]
[TimeControl "3'+2\""]
[WhiteElo "1176"]
[BlackElo "1539"]

1. e4 {[%clk 00:03:02]} {[%emt 00:00:02]} Nf6 {[%clk 00:03:03]} 2. e5 {[%clk
00:03:02]} {[%emt 00:00:02]} Nd5 {[%clk 00:03:04]} {[%emt 00:00:01]} 3. d4
{[%clk 00:03:02]} {[%emt 00:00:01]} d6 {[%clk 00:03:05]} 4. exd6 {[%clk
00:02:46]} {[%emt 00:00:19]} cxd6 {[%clk 00:03:06]} {[%emt 00:00:02]} 5. c4
{[%clk 00:02:48]} {[%emt 00:00:02]} Nb6 {[%clk 00:03:09]} {[%emt 00:00:01]} 6.
Nc3 {[%clk 00:02:50]} {[%emt 00:00:02]} g6 {[%clk 00:03:12]} 7. Nf3 {[%clk
00:02:50]} {[%emt 00:00:02]} Bg7 {[%clk 00:03:13]} 8. Be2 {[%clk 00:02:46]}
{[%emt 00:00:06]} O-O {[%clk 00:03:13]} {[%emt 00:00:02]} 9. O-O {[%clk
00:02:47]} {[%emt 00:00:02]} Nc6 {[%clk 00:03:14]} 10. Be3 {[%clk 00:02:39]}
{[%emt 00:00:10]} e5 {[%clk 00:03:15]} {[%emt 00:00:02]} 11. d5 {[%clk
00:02:28]} {[%emt 00:00:12]} Ne7 {[%clk 00:03:15]} 12. b4 {[%clk 00:02:14]}
{[%emt 00:00:17]} f5 {[%clk 00:03:10]} {[%emt 00:00:07]} 13. Nd2 {[%clk
00:02:09]} {[%emt 00:00:07]} e4 {[%clk 00:02:57]} {[%emt 00:00:14]} 14. Qc2
{[%clk 00:02:03]} {[%emt 00:00:08]} f4 {[%clk 00:02:46]} {[%emt 00:00:13]} 15.
Bxb6 {[%clk 00:01:57]} {[%emt 00:00:09]} Qxb6 {[%clk 00:02:41]} {[%emt
00:00:08]} 16. Ndxe4 {[%clk 00:01:41]} {[%emt 00:00:18]} Bf5 {[%clk 00:02:38]}
{[%emt 00:00:04]} 17. Rab1 {[%clk 00:01:34]} {[%emt 00:00:10]} Rac8 {[%clk
00:02:34]} {[%emt 00:00:05]} 18. Qd2 {[%clk 00:01:17]} {[%emt 00:00:19]} Bd7
{[%clk 00:02:14]} {[%emt 00:00:21]} 19. Rfc1 {[%clk 00:00:45]} {[%emt
00:00:34]} Nf5 {[%clk 00:02:14]} {[%emt 00:00:02]} 20. Bf1 {[%clk 00:00:41]}
{[%emt 00:00:06]} f3 {[%clk 00:02:12]} {[%emt 00:00:04]} 21. g3 {[%clk
00:00:40]} {[%emt 00:00:04]} Nd4 {[%clk 00:02:07]} {[%emt 00:00:07]} 22. Nd1
{[%clk 00:00:33]} {[%emt 00:00:09]} Ne2+ {[%clk 00:02:06]} {[%emt 00:00:03]} 23.
Bxe2 {[%clk 00:00:34]} {[%emt 00:00:02]} fxe2 {[%clk 00:02:04]} {[%emt
00:00:03]} 24. Qxe2 {[%clk 00:00:34]} {[%emt 00:00:02]} Rce8 {[%clk 00:02:00]}
{[%emt 00:00:06]} 25. Qc2 {[%clk 00:00:33]} {[%emt 00:00:03]} Bf5 {[%clk
00:01:53]} {[%emt 00:00:09]} 26. c5 {[%clk 00:00:21]} {[%emt 00:00:14]} Qc7
{[%clk 00:01:35]} {[%emt 00:00:21]} 27. Ne3 {[%clk 00:00:15]} {[%emt 00:00:07]}
Bxe4 {[%clk 00:01:33]} {[%emt 00:00:04]} 28. Qd2 {[%clk 00:00:15]} {[%emt
00:00:02]} Bxb1 {[%clk 00:01:32]} {[%emt 00:00:03]} 29. Rxb1 {[%clk 00:00:17]}
dxc5 {[%clk 00:01:32]} {[%emt 00:00:02]} 30. d6 {[%clk 00:00:17]} {[%emt
00:00:02]} Qc6 {[%clk 00:01:24]} {[%emt 00:00:09]} 31. bxc5 {[%clk 00:00:15]}
{[%emt 00:00:05]} Qxc5 {[%clk 00:01:06]} {[%emt 00:00:20]} 32. Rxb7 {[%clk
00:00:13]} {[%emt 00:00:04]} Rd8 {[%clk 00:00:52]} {[%emt 00:00:15]} 33. d7
{[%clk 00:00:14]} {[%emt 00:00:02]} Qc6 {[%clk 00:00:46]} {[%emt 00:00:08]} 34.
Qd5+ {[%clk 00:00:09]} {[%emt 00:00:07]} Qxd5 {[%clk 00:00:45]} {[%emt
00:00:03]} 35. Nxd5 {[%clk 00:00:10]} Bd4 {[%clk 00:00:46]} {[%emt 00:00:01]}
36. Ne7+ {[%clk 00:00:11]} {[%emt 00:00:02]} Kf7 {[%clk 00:00:47]} 37. Nc6
{[%clk 00:00:12]} {[%emt 00:00:01]} Bb6 {[%clk 00:00:45]} {[%emt 00:00:04]} 38.
Nxd8+ {[%clk 00:00:12]} {[%emt 00:00:02]} Rxd8 {[%clk 00:00:46]} {[%emt
00:00:01]} 39. Kg2 {[%clk 00:00:13]} Ke7 {[%clk 00:00:45]} {[%emt 00:00:02]} 40.
Kf3 {[%clk 00:00:14]} {[%emt 00:00:02]} Rxd7 {[%clk 00:00:46]} 41. Rxd7+ {[%clk
00:00:15]} {[%emt 00:00:01]} Kxd7 {[%clk 00:00:48]} 42. Ke2 {[%clk 00:00:15]}
{[%emt 00:00:01]} Ke6 {[%clk 00:00:48]} {[%emt 00:00:01]} 43. f3 {[%clk
00:00:16]} {[%emt 00:00:02]} Kf5 {[%clk 00:00:49]} 44. h3 {[%clk 00:00:17]}
{[%emt 00:00:01]} h5 {[%clk 00:00:50]} {[%emt 00:00:02]} 45. Kf1 {[%clk
00:00:16]} {[%emt 00:00:03]} Bc7 {[%clk 00:00:50]} {[%emt 00:00:02]} 46. Kg2
{[%clk 00:00:17]} {[%emt 00:00:01]} g5 {[%clk 00:00:50]} {[%emt 00:00:02]} 47.
Kf2 {[%clk 00:00:18]} Bb6+ {[%clk 00:00:51]} {[%emt 00:00:01]} 48. Kg2 {[%clk
00:00:19]} Ke5 {[%clk 00:00:52]} {[%emt 00:00:01]} 49. Kf1 {[%clk 00:00:20]}
Kd4 {[%clk 00:00:53]} {[%emt 00:00:02]} 50. Ke2 {[%clk 00:00:21]} Bc7 {[%clk
00:00:54]} {[%emt 00:00:02]} 51. g4 {[%clk 00:00:22]} {[%emt 00:00:02]} h4
{[%clk 00:00:55]} 52. Kf2 {[%clk 00:00:22]} {[%emt 00:00:02]} Bf4 {[%clk
00:00:56]} 53. Ke2 {[%clk 00:00:23]} {[%emt 00:00:01]} Kc3 {[%clk 00:00:56]}
{[%emt 00:00:02]} 54. Ke1 {[%clk 00:00:24]} {[%emt 00:00:01]} Kb2 {[%clk
00:00:57]} 55. Kd1 {[%clk 00:00:25]} {[%emt 00:00:01]} Kxa2 {[%clk 00:00:58]}
56. Kc2 {[%clk 00:00:26]} {[%emt 00:00:01]} a5 {[%clk 00:00:59]} 57. Kc3 {[%clk
00:00:26]} {[%emt 00:00:02]} a4 {[%clk 00:01:00]} {[%emt 00:00:01]} 58. Kc2
{[%clk 00:00:28]} a3 {[%clk 00:01:01]} 59. Kc3 {[%clk 00:00:28]} {[%emt
00:00:02]} Kb1 {[%clk 00:01:01]} {[%emt 00:00:01]} 60. Kb3 {[%clk 00:00:29]}
{[%emt 00:00:02]} a2 {[%clk 00:01:02]} {[%emt 00:00:02]} 0-1

[Event "Turniej Blitza na II Lidze Juniorów 2018"]
[Site "Szczyrk, Poland"]
[Date "2018.07.26"]
[Round "3.11"]
[White "Pedrak, Paulina"]
[Black "Niedbala, Bartlomiej"]
[Result "0-1"]
[TimeControl "3'+2\""]
[WhiteElo "1596"]
[BlackElo "1961"]

1. e4 {[%clk 00:03:03]} c5 {[%clk 00:03:02]} {[%emt 00:00:03]} 2. Nf3 {[%clk
00:03:03]} {[%emt 00:00:02]} d6 {[%clk 00:03:03]} 3. d4 {[%clk 00:03:04]}
{[%emt 00:00:02]} cxd4 {[%clk 00:03:04]} {[%emt 00:00:01]} 4. Nxd4 {[%clk
00:03:05]} {[%emt 00:00:01]} Nf6 {[%clk 00:03:05]} {[%emt 00:00:01]} 5. Nc3
{[%clk 00:03:05]} {[%emt 00:00:02]} g6 {[%clk 00:03:05]} 6. Be2 {[%clk
00:03:03]} {[%emt 00:00:05]} Bg7 {[%clk 00:03:06]} {[%emt 00:00:01]} 7. Be3
{[%clk 00:03:03]} {[%emt 00:00:01]} O-O {[%clk 00:03:06]} {[%emt 00:00:02]} 8.
h3 {[%clk 00:02:40]} {[%emt 00:00:25]} Nc6 {[%clk 00:03:05]} {[%emt 00:00:03]}
9. Qd2 {[%clk 00:02:40]} {[%emt 00:00:02]} Nxd4 {[%clk 00:02:56]} {[%emt
00:00:12]} 10. Bxd4 {[%clk 00:02:40]} {[%emt 00:00:02]} Be6 {[%clk 00:02:56]}
{[%emt 00:00:01]} 11. O-O {[%clk 00:02:29]} {[%emt 00:00:13]} Qa5 {[%clk
00:02:51]} {[%emt 00:00:08]} 12. f4 {[%clk 00:01:59]} {[%emt 00:00:32]} Nxe4
{[%clk 00:02:48]} {[%emt 00:00:04]} 13. Nxe4 {[%clk 00:01:55]} {[%emt
00:00:07]} Qxd2 {[%clk 00:02:48]} {[%emt 00:00:02]} 14. Nxd2 {[%clk 00:01:53]}
{[%emt 00:00:04]} Bxd4+ {[%clk 00:02:47]} {[%emt 00:00:02]} 15. Kh2 {[%clk
00:01:53]} {[%emt 00:00:02]} a6 {[%clk 00:02:24]} {[%emt 00:00:25]} 16. c3
{[%clk 00:01:49]} {[%emt 00:00:06]} Bg7 {[%clk 00:02:12]} {[%emt 00:00:14]} 17.
Nf3 {[%clk 00:01:33]} {[%emt 00:00:17]} b5 {[%clk 00:02:12]} {[%emt 00:00:03]}
18. Rad1 {[%clk 00:01:31]} {[%emt 00:00:05]} Bxa2 {[%clk 00:02:10]} {[%emt
00:00:04]} 19. Rfe1 {[%clk 00:01:22]} {[%emt 00:00:11]} Bb3 {[%clk 00:02:10]}
{[%emt 00:00:02]} 20. Ra1 {[%clk 00:01:05]} {[%emt 00:00:20]} Rfc8 {[%clk
00:01:59]} {[%emt 00:00:12]} 21. Bd3 {[%clk 00:00:53]} {[%emt 00:00:13]} e6
{[%clk 00:01:58]} {[%emt 00:00:04]} 22. Ra5 {[%clk 00:00:45]} {[%emt 00:00:10]}
Bd5 {[%clk 00:01:52]} {[%emt 00:00:08]} 23. Kg3 {[%clk 00:00:20]} {[%emt
00:00:26]} Bf6 {[%clk 00:01:53]} {[%emt 00:00:02]} 24. Rea1 {[%clk 00:00:18]}
{[%emt 00:00:04]} Bd8 {[%clk 00:01:54]} {[%emt 00:00:01]} 25. Rxa6 {[%clk
00:00:17]} {[%emt 00:00:03]} b4 {[%clk 00:00:46]} {[%emt 00:01:10]} 26. Rxa8
Rxa8 {[%clk 00:00:48]} 27. Rxa8 Bxa8 {[%clk 00:00:49]} 28. cxb4 {[%clk
00:00:06]} {[%emt 00:00:05]} Bf6 {[%clk 00:00:49]} {[%emt 00:00:02]} 29. b3
{[%clk 00:00:06]} {[%emt 00:00:01]} e5 {[%clk 00:00:50]} 30. fxe5 {[%clk
00:00:06]} {[%emt 00:00:02]} dxe5 {[%clk 00:00:52]} 31. Be2 {[%clk 00:00:06]}
{[%emt 00:00:02]} e4 {[%clk 00:00:52]} 32. Nd2 {[%clk 00:00:06]} {[%emt
00:00:01]} Be5+ {[%clk 00:00:54]} 0-1